Egypt and the classical world : (Record no. 72800)

MARC details
000 -LEADER
fixed length control field 03351cam a22005658i 4500
003 - CONTROL NUMBER IDENTIFIER
control field URS
005 - DATE AND TIME OF LATEST TRANSACTION
control field 20230901023112.0
008 - FIXED-LENGTH DATA ELEMENTS--GENERAL INFORMATION
fixed length control field 220228s2022 cau ob 100 0 eng
040 ## - CATALOGING SOURCE
Original cataloging agency DLC
Language of cataloging eng
Description conventions rda
Transcribing agency DLC
Modifying agency OCLCO
-- OCLCF
-- P@U
-- CUS
-- YDX
-- UEJ
-- SFB
-- JSTOR
-- URS
020 ## - INTERNATIONAL STANDARD BOOK NUMBER
International Standard Book Number 9781606067390
Qualifying information (epub)
020 ## - INTERNATIONAL STANDARD BOOK NUMBER
International Standard Book Number 1606067397
020 ## - INTERNATIONAL STANDARD BOOK NUMBER
International Standard Book Number 9781606067383
020 ## - INTERNATIONAL STANDARD BOOK NUMBER
International Standard Book Number 1606067389
020 ## - INTERNATIONAL STANDARD BOOK NUMBER
International Standard Book Number 9781606067574
Qualifying information (mobi)
020 ## - INTERNATIONAL STANDARD BOOK NUMBER
International Standard Book Number 1606067575
020 ## - INTERNATIONAL STANDARD BOOK NUMBER
International Standard Book Number 9781606069134
Qualifying information (electronic bk.)
020 ## - INTERNATIONAL STANDARD BOOK NUMBER
International Standard Book Number 1606069136
Qualifying information (electronic bk.)
020 ## - INTERNATIONAL STANDARD BOOK NUMBER
Canceled/invalid ISBN 9781606067376
Qualifying information (paperback)
020 ## - INTERNATIONAL STANDARD BOOK NUMBER
Canceled/invalid ISBN 1606067370
050 00 - LIBRARY OF CONGRESS CALL NUMBER
Classification number DT61
245 00 - TITLE STATEMENT
Title Egypt and the classical world :
Remainder of title cross-cultural encounters in antiquity /
Statement of responsibility, etc. edited by Jeffrey Spier and Sara E. Cole.
250 ## - EDITION STATEMENT
Edition statement First edition.
263 ## - PROJECTED PUBLICATION DATE
Projected publication date 2207
264 #1 - PRODUCTION, PUBLICATION, DISTRIBUTION, MANUFACTURE, AND COPYRIGHT NOTICE
Place of production, publication, distribution, manufacture Los Angeles :
Name of producer, publisher, distributor, manufacturer J. Paul Getty Museum,
Date of production, publication, distribution, manufacture, or copyright notice 2022.
300 ## - PHYSICAL DESCRIPTION
Extent 1 online resource
336 ## - CONTENT TYPE
Content type term text
Content type code txt
Source rdacontent
337 ## - MEDIA TYPE
Media type term computer
Media type code c
Source rdamedia
338 ## - CARRIER TYPE
Carrier type term online resource
Carrier type code cr
Source rdacarrier
504 ## - BIBLIOGRAPHY, ETC. NOTE
Bibliography, etc. note Includes bibliographical references.
505 0# - FORMATTED CONTENTS NOTE
Formatted contents note From Thutmoses III to Homer to Blackadder: Egypt, the Aegean, and the "Barbarian Periphery" of the Late Bronze Age World System / Jorrit M. Kelder -- Mediterranean Encounters: Greeks, Carians, and Egyptians in the First Millennium BC / Alexandra Villing -- "I Am Isis": The Role of Speech in the Cult of Isis / Martin Bommas -- The Creation of New "Cultural Codes": The Ptolemaic Queens and Their Syncretic Processes with Isis, Hathor, and Aphrodite / Martina Minas-Nerpel -- The Kellis Mammisi: A Painted Chapel from the Final Centuries of the Ancient Egyptian Religion / Olaf E. Kaper -- Appropriation and Synthesis in the Villa of Herodes Atticus at Eva (Loukou), Greece / George Spyropoulos -- "To Isis the Great, Lady of Benevento": Privately Dedicated Egyptian Obelisks in Imperial Rome and the Twin Obelisks of Benevento Reedited / Luigi Prada and Paul D. Wordsworth.
520 ## - SUMMARY, ETC.
Summary, etc. "This publication, the proceedings of a 2018 scholars' symposium held at the J. Paul Getty Museum in association with the exhibition Beyond the Nile: Egypt and the Classical World, synthesizes current research on cultural interactions between Egypt, Greece, and Rome from the Bronze Age to the Roman Empire"--
Assigning source Provided by publisher.
588 ## - SOURCE OF DESCRIPTION NOTE
Source of description note Description based on print version record and CIP data provided by publisher; resource not viewed.
590 ## - LOCAL NOTE (RLIN)
Local note JSTOR
Provenance (VM) [OBSOLETE] Books at JSTOR Open Access
650 #0 - SUBJECT ADDED ENTRY--TOPICAL TERM
Topical term or geographic name entry element Civilization, Classical
Form subdivision Congresses.
650 #0 - SUBJECT ADDED ENTRY--TOPICAL TERM
Topical term or geographic name entry element Classical antiquities
Form subdivision Congresses.
651 #0 - SUBJECT ADDED ENTRY--GEOGRAPHIC NAME
Geographic name Egypt
General subdivision Civilization
Chronological subdivision To 332 B.C.
Form subdivision Congresses.
651 #0 - SUBJECT ADDED ENTRY--GEOGRAPHIC NAME
Geographic name Egypt
General subdivision Civilization
Chronological subdivision 332 B.C.-638 A.D.
Form subdivision Congresses.
651 #0 - SUBJECT ADDED ENTRY--GEOGRAPHIC NAME
Geographic name Greece
General subdivision Civilization
-- Egyptian influences
Form subdivision Congresses.
651 #0 - SUBJECT ADDED ENTRY--GEOGRAPHIC NAME
Geographic name Rome
General subdivision Civilization
-- Egyptian influences
Form subdivision Congresses.
651 #0 - SUBJECT ADDED ENTRY--GEOGRAPHIC NAME
Geographic name Egypt
General subdivision Antiquities
Form subdivision Congresses.
700 1# - ADDED ENTRY--PERSONAL NAME
Personal name Spier, Jeffrey,
Relator term editor.
700 1# - ADDED ENTRY--PERSONAL NAME
Personal name Cole, Sara E.,
Relator term editor.
710 2# - ADDED ENTRY--CORPORATE NAME
Corporate name or jurisdiction name as entry element J. Paul Getty Museum,
Relator term issuing body.
Authority record control number or standard number http://id.loc.gov/authorities/names/n79046211
856 40 - ELECTRONIC LOCATION AND ACCESS
Uniform Resource Identifier <a href="https://www.jstor.org/stable/10.2307/jj.5274093">https://www.jstor.org/stable/10.2307/jj.5274093</a>
938 ## -
-- YBP Library Services
-- YANK
-- 305616003
938 ## -
-- Project MUSE
-- MUSE
-- musev2_101800
938 ## -
-- YBP Library Services
-- YANK
-- 303032934
942 ## - ADDED ENTRY ELEMENTS (KOHA)
Source of classification or shelving scheme Library of Congress Classification
Koha item type E-Book
994 ## -
-- 92
-- PHURS
Holdings
Withdrawn status Source of classification or shelving scheme Damaged status Not for loan Home library Current library Date acquired Total Checkouts Date last seen Price effective from Koha item type
  Library of Congress Classification     JSTOR Open Access Books JSTOR Open Access Books 08/31/2023   08/31/2023 08/31/2023 E-Book

University of Rizal System
Email us at univlibservices@urs.edu.ph

Visit our Website www.urs.edu.ph/library